000
00316nam a2200109Ia 4500
008
171211s9999 xx 000 0 und d
245
_a
La grande histoire du Festival de Cannes (1939-2017)
245
_c
Frédéric Vidal
260
_c
2017
650
_x
cinema
856
_u
http://down.ebook777.com/063/2809822476.pdf
999
_c
348747
_d
348747